| 000 | 00486nam a22001817a 4500 | ||
|---|---|---|---|
| 003 | NUST - PNEC | ||
| 005 | 20170116180951.0 | ||
| 008 | 150908b xxu||||| |||| 00| 0 eng d | ||
| 020 | _a8852268475 | ||
| 040 | _cLIBRARY | ||
| 082 | _a621.3815287 SUG | ||
| 100 |
_99156 _aSugandhi, Rajendra Kumar |
||
| 245 |
_aThyristors, theory and applications _cR. K. Sugandhi and K. K. Sugandhi |
||
| 250 | _a2nd ed. | ||
| 260 | _cc.1983 | ||
| 650 |
_99163 _aThyristors _xEE |
||
| 942 |
_2ddc _cBK |
||
| 999 |
_c66431 _d66431 |
||